000 01075cas a22002415a 4500
001 L142832
008 080313c2005 xxkqr ws ss 0 a0eng d
035 _a(Sirsi) u142832
041 0 _aeng
050 _a333.32 $2 18
110 2 _aCB Richard Ellis
_93675
245 0 0 _aAsian office market flash
_h[electronic resource]
260 _a[S.l.]
_bCBRE
_c2005-
490 0 _aCB Richard Ellis Asian Office Market Flash
510 2 _aKnowledge Alert
_c2006-
520 _aReviews the office leasing market in Asia. Comments on supply, take up, rental growth and vacancy rates. Tables: prime office rents and occupancy costs; prime office new supply, net absorption and vacancy; total occupancy costs. Details major leasing transactions and comments on market outlook on a city by city basis.
554 _aFour per year
650 2 4 _aCB RICHARD ELLIS ASIAN OFFICE MARKET FLASH
651 4 _aAsia
690 _aPROPERTY-COMMERCIAL PROPERTY-COMMERCIAL PROPERTY MARKET
856 4 0 _uhttps://www.cbre.com/
_zView this report free of charge at www.cbre.com...
942 _n0
999 _c119171
_d119171